[Event "Sharjah Masters 7th"]
[Site "Sharjah"]
[Date "2024.05.17"]
[Round "4"]
[White "Sanal, Vahap"]
[Black "Mendonca, Leon Luke"]
[Result "0-1"]
[WhiteElo "2566"]
[BlackElo "2640"]
[PlyCount "132"]
[EventDate "2024.05.14"]
[EventType "swiss"]
[EventRounds "9"]
[EventCountry "UAE"]
[SourceTitle "CB21_2024"]
[SourceDate "2024.05.22"]
[SourceVersion "1"]
[SourceVersionDate "2024.05.22"]
[SourceQuality "1"]

1. e4 c5 2. Nf3 d6 3. Nc3 Nf6 4. d4 cxd4 5. Qxd4 Nc6 6. Qe3 g6 7. Bc4 Bg7 8. h3 0-0 9. 0-0 b6 10. Rd1 Bb7 11. Bb3 Nd7 12. Qf4 Nc5 13. Qh4 e6 14. Bg5 f6 15. Bh6 Qe7 16. Bxg7 Kxg7 17. Qg3 Rad8 18. Rd2 Na5 19. Nd4 Kh8 20. Re1 e5 21. Nf3 Naxb3 22. axb3 f5 23. Qg5 Rf6 24. Qh4 Nxe4 25. Nxe4 fxe4 26. Nh2 g5 27. Qxg5 Rg8 28. Qe3 Rfg6 29. g4 Rf8 30. c4 h5 31. Qg3 Rf4 32. f3 h4 33. Qf2 exf3 34. Red1 Kg8 35. Kh1 Re4 36. Kg1 Qg5 37. Re1 Rxe1+ 38. Qxe1 e4 39. Nf1 Re6 40. Qe3 Qe5 41. Kf2 Kg7 42. Qc3 Kf6 43. Ne3 Qxc3 44. bxc3 Ke5 45. Nf5 a6 46. Ke3 Rf6 47. Ne7 b5 48. Nf5 d5 49. c5 a5 50. Rd1 b4 51. cxb4 axb4 52. Nd4 Ra6 53. Rc1 Ra2 54. c6 Bc8 55. c7 Rh2 56. g5 Rxh3 57. Nc6+ Kd6 58. Na7 Kd7 59. Rc5 Rg3 60. Rxd5+ Kxc7 61. Nxc8 Kxc8 62. Rd1 h3 63. Rh1 Kd7 64. g6 Ke6 65. g7 Rxg7 66. Rxh3 Rf7 0-1

[Event "Sharjah Masters 7th"]
[Site "Sharjah"]
[Date "2024.05.16"]
[Round "3"]
[White "Mendonca, Leon Luke"]
[Black "Gholami Orimi, Mahdi"]
[Result "1-0"]
[WhiteElo "2640"]
[BlackElo "2470"]
[PlyCount "87"]
[EventDate "2024.05.14"]
[EventType "swiss"]
[EventRounds "9"]
[EventCountry "UAE"]
[SourceTitle "CB21_2024"]
[SourceDate "2024.05.22"]
[SourceVersion "1"]
[SourceVersionDate "2024.05.22"]
[SourceQuality "1"]

1. e4 c5 2. Nf3 a6 3. c4 Nc6 4. d4 cxd4 5. Nxd4 Nf6 6. Nc3 e5 7. Nc2 Bc5 8. Be3 Bxe3 9. Nxe3 d6 10. Bd3 0-0 11. 0-0 Be6 12. Rc1 Rc8 13. b3 Kh8 14. Kh1 Nd4 15. f4 exf4 16. Rxf4 Nd7 17. Qh5 Ne5 18. Bb1 g6 19. Qh6 f6 20. Nf5 Qd7 21. Nxd4 Nf7 22. Qh4 g5 23. Qh5 gxf4 24. e5 Ng5 25. exf6 Rc5 26. Qh6 Rg8 27. h4 f3 28. hxg5 Rgxg5 29. Nd5 Rgxd5 30. cxd5 Rxc1+ 31. Qxc1 Bxd5 32. gxf3 Qh3+ 33. Kg1 Qg3+ 34. Kf1 Qh3+ 35. Ke2 Qg2+ 36. Kd3 Qg6+ 37. Kc3 Qxf6 38. Qh1 Bg8 39. Qh5 b5 40. Be4 Qe7 41. Kd3 Qf6 42. Qe8 Qg5 43. Qf8 d5 44. Bxd5 1-0

[Event "Sharjah Masters 7th"]
[Site "Sharjah"]
[Date "2024.05.15"]
[Round "2"]
[White "Raja, Rithvik R"]
[Black "Mendonca, Leon Luke"]
[Result "1/2-1/2"]
[WhiteElo "2524"]
[BlackElo "2640"]
[PlyCount "55"]
[EventDate "2024.05.14"]
[EventType "swiss"]
[EventRounds "9"]
[EventCountry "UAE"]
[SourceTitle "CB21_2024"]
[SourceDate "2024.05.22"]
[SourceVersion "1"]
[SourceVersionDate "2024.05.22"]
[SourceQuality "1"]

1. c4 Nf6 2. g3 e6 3. Bg2 d5 4. Nf3 d4 5. 0-0 c5 6. e3 Nc6 7. exd4 cxd4 8. d3 Bd6 9. Bg5 h6 10. Bxf6 gxf6 11. Nbd2 Kf8 12. a3 a5 13. Rc1 f5 14. c5 Bc7 15. Re1 Qf6 16. Nc4 Kg7 17. Nfd2 Ra6 18. Nd6 Bxd6 19. cxd6 Rd8 20. Rc5 Rxd6 21. b4 axb4 22. axb4 Ra8 23. Nc4 Rd8 24. b5 Ne7 25. Rc7 Rd7 26. Rxd7 Bxd7 27. Nb6 Rd8 28. Qa4 1/2-1/2

[Event "Sharjah Masters 7th"]
[Site "Sharjah"]
[Date "2024.05.14"]
[Round "1"]
[White "Mendonca, Leon Luke"]
[Black "Krzyzanowski, Marcin"]
[Result "0-1"]
[WhiteElo "2640"]
[BlackElo "2526"]
[PlyCount "126"]
[EventDate "2024.05.14"]
[EventType "swiss"]
[EventRounds "9"]
[EventCountry "UAE"]
[SourceTitle "CB21_2024"]
[SourceDate "2024.05.22"]
[SourceVersion "1"]
[SourceVersionDate "2024.05.22"]
[SourceQuality "1"]

1. e4 c5 2. Nf3 d6 3. d4 cxd4 4. Nxd4 Nf6 5. Nc3 a6 6. Be2 e5 7. Nb3 Be7 8. 0-0 0-0 9. Re1 Be6 10. Bf3 Qc7 11. a4 Rc8 12. Be3 Nbd7 13. a5 h6 14. h3 Bf8 15. Nd2 Qc6 16. Ndb1 Be7 17. b3 Bd8 18. Ra2 b6 19. axb6 Nxb6 20. Re2 a5 21. Rd2 Be7 22. Qe2 Nbd7 23. Qb5 Qc7 24. Na4 Rab8 25. Qa6 Bc4 26. Qxc4 Qxc4 27. bxc4 Rxb1+ 28. Kh2 Rxc4 29. Nb2 Rc8 30. c3 Nc5 31. Bxc5 Rxc5 32. Nd3 Rxc3 33. Rxa5 d5 34. Ra4 Bd6 35. Nb2 Ra3 36. Rxa3 Bxa3 37. Nd1 Bb4 38. Rc2 dxe4 39. Be2 Bd6 40. Ne3 Rb8 41. g4 Rd8 42. Kg2 g6 43. Rc6 Kg7 44. h4 Bb8 45. Ra6 Nd5 46. Bc4 Nf4+ 47. Kg3 Rd7 48. g5 h5 49. Ra5 Bd6 50. Bd5 Bb4 51. Rb5 Be1 52. Bxe4 Rd2 53. Rxe5 Rxf2 54. Re8 Ne2+ 55. Kh3 Ng1+ 56. Kg3 Re2+ 57. Kf4 Bxh4 58. Nd5 Nh3+ 59. Kf3 Rf2+ 60. Ke3 Bxg5+ 61. Kd4 h4 62. Rb8 Rd2+ 63. Kc3 Nf2 0-1

[Event "Chess.com Classic Play In"]
[Site "Chess.com INT"]
[Date "2024.05.08"]
[Round "1"]
[White "Mendonca, Leon Luke"]
[Black "Dubov, Daniil"]
[Result "1/2-1/2"]
[WhiteElo "2640"]
[BlackElo "2707"]
[PlyCount "105"]
[EventDate "2024.05.08"]
[EventType "swiss (rapid)"]
[EventRounds "9"]
[EventCountry "USA"]
[SourceTitle "CB20_2024"]
[SourceDate "2024.05.16"]
[SourceVersion "1"]
[SourceVersionDate "2024.05.16"]
[SourceQuality "1"]

1. Nf3 Nf6 2. d4 g6 3. Nc3 d5 4. Bf4 Bg7 5. e3 0-0 6. Nb5 Na6 7. Be2 Ne4 8. 0-0 c6 9. Na3 Qb6 10. Rb1 Bf5 11. c4 Nb4 12. Qb3 a5 13. c5 Qd8 14. Rbc1 b6 15. cxb6 Qxb6 16. Nc2 c5 17. Nxb4 Qxb4 18. Qxd5 Qxb2 19. Bd3 Rfd8 20. Qc4 cxd4 21. exd4 Rac8 22. Qb3 Qxb3 23. axb3 Nc3 24. Ba6 Ra8 25. Bc4 Nd5 26. Be5 a4 27. bxa4 Rxa4 28. Bb5 Rb4 29. Bc6 Bh6 30. Ra1 Rc4 31. Bb7 Be4 32. Rfe1 Bxf3 33. gxf3 Bf8 34. Bxd5 Rxd5 35. Ra8 f6 36. Bxf6 exf6 37. Ree8 Kg7 38. Rxf8 Rdxd4 39. Rg8+ Kh6 40. Ra7 Ra4 41. Rxa4 Rxa4 42. Rh8 Ra7 43. Kg2 Kg5 44. Rc8 f5 45. Rc4 Re7 46. Rb4 Kh6 47. Rh4+ Kg7 48. Ra4 Kf6 49. Ra6+ Re6 50. Ra7 Re7 51. Ra6+ Re6 52. Ra7 Re7 53. Ra6+ 1/2-1/2

[Event "Chess.com Classic Play In"]
[Site "Chess.com INT"]
[Date "2024.05.08"]
[Round "9"]
[White "Mendonca, Leon Luke"]
[Black "Santos Latasa, Jaime"]
[Result "1-0"]
[WhiteElo "2640"]
[BlackElo "2626"]
[PlyCount "71"]
[EventDate "2024.05.08"]
[EventType "swiss (rapid)"]
[EventRounds "9"]
[EventCountry "USA"]
[SourceTitle "CB20_2024"]
[SourceDate "2024.05.16"]
[SourceVersion "1"]
[SourceVersionDate "2024.05.16"]
[SourceQuality "1"]

1. Nf3 Nf6 2. d4 d5 3. e3 c5 4. c3 e6 5. Nbd2 b6 6. Bd3 Bb7 7. 0-0 Nbd7 8. Qe2 Be7 9. e4 dxe4 10. Nxe4 0-0 11. Rd1 cxd4 12. Nxd4 Qc7 13. Bg5 Rfe8 14. Nxf6+ Bxf6 15. Bxf6 Nxf6 16. Ba6 Rad8 17. Bxb7 Qxb7 18. Nf3 Qc7 19. c4 h6 20. b3 Rxd1+ 21. Rxd1 e5 22. h3 e4 23. Nd4 Rd8 24. Nb5 Rxd1+ 25. Qxd1 Qf4 26. Nxa7 g5 27. Qd8+ Kg7 28. Qxb6 Qc1+ 29. Kh2 Qf4+ 30. g3 Qd2 31. a4 g4 32. Qe3 Qd1 33. h4 Qd3 34. Nc6 Nd7 35. a5 Qf1 36. a6 1-0

[Event "Sitges Sunway op 10th"]
[Site "Sitges"]
[Date "2023.12.20"]
[Round "8"]
[White "Mendonca, Leon Luke"]
[Black "Fiorito, Joaquin"]
[Result "1-0"]
[WhiteElo "2611"]
[BlackElo "2410"]
[PlyCount "81"]
[EventDate "2023.12.12"]
[EventType "swiss"]
[EventRounds "10"]
[EventCountry "ESP"]
[SourceTitle "CB52_2023"]
[SourceDate "2023.12.27"]
[SourceVersion "1"]
[SourceVersionDate "2023.12.27"]
[SourceQuality "1"]

1. e4 c6 2. d4 d5 3. e5 Bf5 4. Nd2 e6 5. Nb3 a6 6. Nf3 c5 7. Be2 Nd7 8. c3 Qc7 9. 0-0 h6 10. Be3 Bg4 11. dxc5 Ne7 12. Nfd4 Bxe2 13. Qxe2 Qxe5 14. c4 Nc6 15. cxd5 Nxd4 16. Nxd4 Bxc5 17. dxe6 fxe6 18. Rad1 Bxd4 19. Rxd4 Nf6 20. Qf3 0-0 21. Qxb7 Nd5 22. Rd3 Rab8 23. Qa7 Rf7 24. Qd4 Qf5 25. Bd2 Rxb2 26. Qxb2 Qxd3 27. Bc1 Nc3 28. Re1 Nd1 29. Qe2 Nxf2 30. Qxe6 Ne4 31. h3 Qd4+ 32. Kh2 Nc5 33. Qe8+ Rf8 34. Qe7 Rf7 35. Qe8+ Rf8 36. Qc6 Nd3 37. Re4 Qd8 38. Ba3 Nf2 39. Qc4+ Kh8 40. Rd4 Qb8+ 41. Bd6 1-0

[Event "FIDE Grand Swiss"]
[Site "Douglas"]
[Date "2023.11.02"]
[Round "8"]
[White "Samunenkov, Igor"]
[Black "Mendonca, Leon Luke"]
[Result "1/2-1/2"]
[WhiteElo "2531"]
[BlackElo "2622"]
[PlyCount "169"]
[EventDate "2023.10.25"]
[EventType "swiss"]
[EventRounds "11"]
[EventCountry "IOM"]
[SourceTitle "Mega2024 Update 01"]
[Source "Chessbase"]
[SourceDate "2023.11.12"]
[SourceVersion "1"]
[SourceVersionDate "2023.11.12"]
[SourceQuality "1"]

1. d4 Nf6 2. c4 e6 3. g3 d5 4. Nf3 Bb4+ 5. Bd2 Bd6 6. Bg2 0-0 7. Qc2 a5 8. 0-0 c6 9. Nc3 dxc4 10. Bg5 Be7 11. e3 b5 12. a4 b4 13. Bxf6 gxf6 14. Ne4 Ba6 15. Rfc1 Nd7 16. Bf1 c5 17. Nxc5 Nxc5 18. dxc5 Rc8 19. Bxc4 Rxc5 20. Qe2 Qc7 21. b3 f5 22. Nd4 Bf6 23. Ra2 Bxc4 24. bxc4 Rc8 25. Rac2 Qd7 26. Nb3 Qxa4 27. Nxc5 Rxc5 28. Ra2 Qc6 29. Qd1 Kg7 30. h3 Qb7 31. Rb1 Qe4 32. Rc1 h6 33. Kh2 Bc3 34. Qb3 Be5 35. Qd1 Qb7 36. Rb1 Qe4 37. Rc1 Bc3 38. Qb3 Bf6 39. Qd1 Be5 40. Kg1 Bc3 41. Qb3 Bf6 42. Qd1 Kg6 43. Kh2 Bg7 44. Kg1 Be5 45. Ra4 Qb7 46. Rb1 Qc6 47. Rc1 Bf6 48. Ra2 Qb7 49. Rb1 Qe4 50. Rc1 h5 51. h4 Qb7 52. Rb1 Qc6 53. Rc1 Kg7 54. Kh2 Qb7 55. Ra4 Qc6 56. Kg1 Kg6 57. Ra2 Qb7 58. Rb1 Qc7 59. Rc1 Qc6 60. Kh2 Qb7 61. Ra4 Qc6 62. Kg1 Kh6 63. Ra2 Kg7 64. Kh2 Qb7 65. Ra4 Qe4 66. Kg1 Qg4 67. Qxg4+ fxg4 68. Kf1 Kf8 69. Ke2 Ke8 70. Rd1 Be5 71. Kd3 Ke7 72. Rd2 Bc7 73. Rd1 Ke8 74. Rd2 Ke7 75. Rd1 Bb6 76. Rd2 Kf6 77. Rd1 Ke5 78. Rd2 Rc8 79. Rd1 Rc7 80. Rd2 Rc5 81. Rd1 Kf5 82. Rc1 Kf6 83. Rc2 Bc7 84. Rc1 Ke7 85. Rd1 1/2-1/2

[Event "FIDE Grand Swiss"]
[Site "Douglas"]
[Date "2023.10.25"]
[Round "1"]
[White "Mendonca, Leon Luke"]
[Black "Van Foreest, Jorden"]
[Result "1/2-1/2"]
[WhiteElo "2622"]
[BlackElo "2707"]
[PlyCount "108"]
[EventDate "2023.10.25"]
[EventType "swiss"]
[EventRounds "11"]
[EventCountry "IOM"]
[SourceTitle "Mega2024 Update 01"]
[Source "Chessbase"]
[SourceDate "2023.11.12"]
[SourceVersion "1"]
[SourceVersionDate "2023.11.12"]
[SourceQuality "1"]

1. e4 e5 2. Nf3 Nc6 3. Bb5 Nf6 4. d3 d6 5. 0-0 a6 6. Bxc6+ bxc6 7. d4 exd4 8. Nxd4 c5 9. Nc6 Qd7 10. Na5 Qa4 11. Bd2 Be7 12. Re1 Bg4 13. f3 Be6 14. Kh1 Qd7 15. c4 c6 16. Nc3 0-0 17. Qa4 Rac8 18. Rad1 Qc7 19. Ne2 Nh5 20. a3 Bh4 21. Rf1 f5 22. Nf4 Qf7 23. exf5 Bxf5 24. Nxh5 Qxh5 25. Bf4 Be4 26. fxe4 Rxf4 27. Rxf4 Bg3 28. h3 Bxf4 29. Rf1 Be5 30. Qd1 Qe8 31. b4 h6 32. Qd2 Rb8 33. Rd1 Kh7 34. Rf1 cxb4 35. axb4 c5 36. bxc5 Rb2 37. Qd3 dxc5 38. Nb3 Qe7 39. Qe3 Qe6 40. Nxc5 Qxc4 41. Nd3 Rb3 42. Rd1 Qc2 43. Qf3 Rb1 44. Rf1 Bd4 45. Qf5+ g6 46. Qd7+ Bg7 47. Rxb1 Qxb1+ 48. Kh2 a5 49. e5 a4 50. Qd6 Qa1 51. e6 Qf6 52. Qd7 a3 53. e7 Qxe7 54. Qxe7 a2 1/2-1/2

[Event "Qatar Masters op"]
[Site "Doha"]
[Date "2023.10.18"]
[Round "7"]
[White "Mendonca, Leon Luke"]
[Black "Tarhan, Adar"]
[Result "1/2-1/2"]
[WhiteElo "2622"]
[BlackElo "2445"]
[PlyCount "68"]
[EventDate "2023.10.11"]
[EventType "swiss"]
[EventRounds "9"]
[EventCountry "QAT"]
[SourceTitle "Mega2024 Update 01"]
[Source "Chessbase"]
[SourceDate "2023.11.12"]
[SourceVersion "1"]
[SourceVersionDate "2023.11.12"]
[SourceQuality "1"]

1. e4 e5 2. Nf3 Nc6 3. Bb5 Nf6 4. d3 Bc5 5. Bxc6 dxc6 6. Nbd2 Be6 7. 0-0 Nd7 8. Nb3 f6 9. Nxc5 Nxc5 10. Be3 Nd7 11. Nd2 Qe7 12. f4 exf4 13. Bxf4 0-0-0 14. Kh1 h5 15. Qf3 h4 16. h3 g5 17. Bh2 Rdg8 18. Nc4 Bxc4 19. dxc4 Re8 20. Rae1 Qe6 21. b3 b6 22. Qf5 Rhg8 23. e5 fxe5 24. Bxe5 Qxf5 25. Rxf5 g4 26. Bc3 Rxe1+ 27. Bxe1 Re8 28. Bxh4 gxh3 29. gxh3 Rh8 30. Rf4 Ne5 31. Re4 Ng6 32. Bg3 Rxh3+ 33. Kg2 Rh7 34. Re8+ Kb7 1/2-1/2

[Event "Qatar Masters op"]
[Site "Doha"]
[Date "2023.10.17"]
[Round "6"]
[White "Raja, Rithvik R"]
[Black "Mendonca, Leon Luke"]
[Result "1/2-1/2"]
[WhiteElo "2495"]
[BlackElo "2622"]
[PlyCount "66"]
[EventDate "2023.10.11"]
[EventType "swiss"]
[EventRounds "9"]
[EventCountry "QAT"]
[SourceTitle "Mega2024 Update 01"]
[Source "Chessbase"]
[SourceDate "2023.11.12"]
[SourceVersion "1"]
[SourceVersionDate "2023.11.12"]
[SourceQuality "1"]

1. e4 c5 2. Nf3 d6 3. Bb5+ Nd7 4. d4 cxd4 5. Nxd4 a6 6. Bd3 g6 7. c4 Bg7 8. Be3 Qb6 9. Nb3 Qc7 10. Qe2 Ne5 11. Nc3 Be6 12. Nd5 Bxd5 13. cxd5 Nxd3+ 14. Qxd3 Bxb2 15. Rb1 Bg7 16. 0-0 Nf6 17. Rfc1 Qd8 18. Nd2 Rc8 19. Qb3 b5 20. Qa3 0-0 21. Qxa6 Ra8 22. Qxb5 Rxa2 23. h3 Qa8 24. Qb7 Re8 25. Rc7 Bf8 26. Qxa8 Rexa8 27. g4 Ne8 28. Rcb7 f5 29. gxf5 gxf5 30. exf5 Nf6 31. R1b5 R2a5 32. Nc4 Rxb5 33. Rxb5 Ra4 1/2-1/2